000 00294 a2200109 4500
001 ART_44032
005 20260410161647.0
008 260409a
245 1 0 _aSIPER
100 1 _aJanuszewski, Karina
773 0 _tConsultor tributario
_g- Año 11, Nº 127 (sep. 2017)
_wREV474
999 _c13909
_d13909